[Event "Scarborough CC-ch reserves U1700"]
[Site "Toronto CAN"]
[Date "2009.04.09"]
[Round "7"]
[White "Woolford, Jesse"]
[Black "Xi, Jason"]
[Result "1-0"]
[WhiteElo "1131"]
[BlackElo "1064"]
[PlyCount "111"]
[GameId "2160767910260534"]
[EventDate "2009.02.26"]
[EventType "swiss"]
[EventRounds "9"]
[EventCountry "CAN"]
[SourceTitle "EXT 2011"]
[Source "ChessBase"]
[SourceDate "2011.11.26"]
[SourceVersion "1"]
[SourceVersionDate "2011.11.26"]
[SourceQuality "1"]

1. e4 c5 2. Nc3 d6 3. f4 Nf6 4. Bb5+ Bd7 5. Bxd7+ Nbxd7 6. Nf3 g6 7. d3 Bg7 8. O-O O-O 9. Qe1 Rc8 10. Kh1 Qa5 11. Qh4 c4 12. f5 gxf5 13. exf5 Qxf5 14. Bh6 Qh5 15. Bxg7 Qxh4 16. Nxh4 Kxg7 17. Nf5+ Kh8 18. Nxe7 Rce8 19. Nf5 d5 20. dxc4 dxc4 21. Nd6 Rd8 22. Nxb7 Rb8 23. Nd6 Rxb2 24. Rac1 Rbb8 25. Rf4 Rb4 26. Re1 Rb2 27. Rf2 Rb6 28. Nf5 Re6 29. Ref1 Ne4 30. Nxe4 Rxe4 31. Nd6 Re7 32. Nxc4 f6 33. g3 Re6 34. Rb1 Nb6 35. Nxb6 Rxb6 36. Rxb6 axb6 37. Kg2 Kg7 38. Rd2 Kf7 39. Rd7+ Kg6 40. Rb7 Rc8 41. h4 Rxc2+ 42. Kf3 Rxa2 43. Rxb6 Ra3+ 44. Kg4 Ra4+ 45. Kh3 Kf5 46. Rb5+ Kg6 47. Rb6 Re4 48. g4 h5 49. g5 Kf5 50. Rxf6+ Ke5 51. Rh6 Re3+ 52. Kg2 Kf5 53. Rxh5 Re2+ 54. Kf1 Kg4 55. Rh8 Rh2 56. Ke1 1-0

[Event "Scarborough CC-ch reserves U1700"]
[Site "Toronto CAN"]
[Date "2009.04.09"]
[Round "7"]
[White "Xia, Linda"]
[Black "Dattani, Dinesh"]
[Result "1-0"]
[WhiteElo "1541"]
[BlackElo "1374"]
[PlyCount "59"]
[GameId "2160767910260535"]
[EventDate "2009.02.26"]
[EventType "swiss"]
[EventRounds "9"]
[EventCountry "CAN"]
[SourceTitle "EXT 2011"]
[Source "ChessBase"]
[SourceDate "2011.11.26"]
[SourceVersion "1"]
[SourceVersionDate "2011.11.26"]
[SourceQuality "1"]

1. d4 d5 2. c4 c6 3. e3 e6 4. Nc3 Nf6 5. Nf3 Nbd7 6. b3 Bb4 7. Bb2 Ne4 8. Qc2 Qa5 9. Rc1 O-O 10. Bd3 Ndf6 11. O-O Nxc3 12. Bxc3 h6 13. h3 dxc4 14. Bxc4 Bxc3 15. Qxc3 Qh5 16. Rfd1 g5 17. Be2 e5 18. dxe5 Ne4 19. Qd3 Bf5 20. Nd4 Qh4 21. Rf1 Rad8 22. Nxf5 Rxd3 23. Nxh4 Rd2 24. Bf3 gxh4 25. Bxe4 Re8 26. f4 f6 27. Rc2 Rxc2 28. Bxc2 fxe5 29. f5 Kg7 30. Rd1 1-0

[Event "Scarborough CC-ch reserves U1700"]
[Site "Toronto CAN"]
[Date "2009.04.16"]
[Round "8"]
[White "Bao, Stephen"]
[Black "Karpik, Steve"]
[Result "1-0"]
[WhiteElo "1222"]
[BlackElo "1498"]
[PlyCount "131"]
[GameId "2160767910260536"]
[EventDate "2009.02.26"]
[EventType "swiss"]
[EventRounds "9"]
[EventCountry "CAN"]
[SourceTitle "EXT 2011"]
[Source "ChessBase"]
[SourceDate "2011.11.26"]
[SourceVersion "1"]
[SourceVersionDate "2011.11.26"]
[SourceQuality "1"]

1. e4 d6 2. d4 Nf6 3. Nc3 g6 4. Bd3 Bg7 5. f4 O-O 6. Nf3 a6 7. Ne2 b5 8. c3 Bb7 9. Qc2 c5 10. b3 Qc8 11. c4 bxc4 12. bxc4 Qg4 13. O-O Nc6 14. e5 Nb4 15. Qb3 dxe5 16. fxe5 Nd7 17. h3 Qe6 18. a3 Nxd3 19. Qxb7 Rab8 20. Qa7 Qc6 21. d5 Qc8 22. e6 fxe6 23. dxe6 Nb6 24. Rb1 Nxc1 25. Nxc1 Qxe6 26. Re1 Qd7 27. Qxd7 Nxd7 28. Rxb8 Rxb8 29. Rxe7 Nb6 30. Re4 Na4 31. Kh2 Rd8 32. Re6 Ra8 33. Nd3 Rd8 34. Rxa6 Rxd3 35. Rxa4 Bb2 36. Ra8+ Kg7 37. a4 Rc3 38. a5 Rxc4 39. a6 Rb4 40. a7 Rb7 41. Rb8 Rxa7 42. Rxb2 c4 43. Rc2 Rc7 44. Rc3 Kf6 45. Nd2 Ke5 46. Rxc4 Rxc4 47. Nxc4+ Kf5 48. Kg3 h5 49. Kf3 g5 50. g4+ hxg4+ 51. hxg4+ Kf6 52. Ke4 Ke6 53. Nd6 Kf6 54. Kd5 Kg6 55. Ke5 Kg7 56. Kf5 Kh6 57. Nf7+ Kg7 58. Kxg5 Kxf7 59. Kh6 Kg8 60. Kg6 Kh8 61. Kf7 Kh7 62. g5 Kh8 63. Kg6 Kg8 64. Kh6 Kh8 65. g6 Kg8 66. g7 1-0

[Event "Scarborough CC-ch reserves U1700"]
[Site "Toronto CAN"]
[Date "2009.04.16"]
[Round "8"]
[White "Xie, Peter"]
[Black "Woolford, Jesse"]
[Result "1-0"]
[WhiteElo "1493"]
[BlackElo "1131"]
[PlyCount "149"]
[GameId "2160767910260537"]
[EventDate "2009.02.26"]
[EventType "swiss"]
[EventRounds "9"]
[EventCountry "CAN"]
[SourceTitle "EXT 2011"]
[Source "ChessBase"]
[SourceDate "2011.11.26"]
[SourceVersion "1"]
[SourceVersionDate "2011.11.26"]
[SourceQuality "1"]

1. e4 e6 2. d4 d5 3. Nc3 Bb4 4. Qd2 dxe4 5. a3 Bxc3 6. Qxc3 Nf6 7. Bg5 h6 8. Bh4 Nbd7 9. Ne2 b6 10. Qc6 Rb8 11. Bxf6 gxf6 12. Qxe4 Bb7 13. Qg4 c5 14. Qg7 Ke7 15. Qg3 Rg8 16. Qd3 Qc7 17. f3 Rbd8 18. Qe3 Ba6 19. Nf4 Bb7 20. O-O-O cxd4 21. Rxd4 Qc5 22. Nd3 Qg5 23. Kd2 Qxe3+ 24. Kxe3 Ne5 25. Rh4 Nxd3 26. Bxd3 Rxg2 27. Rxh6 Rg5 28. Rf1 f5 29. b4 Rg6 30. Rh3 a5 31. bxa5 bxa5 32. Bb5 Rc8 33. c4 Rg2 34. Rf2 Rg1 35. Ra2 Bc6 36. a4 Rd1 37. Rh4 Rf1 38. Rf2 Ra1 39. Rd4 e5 40. Rh4 f4+ 41. Kd2 Ke6 42. Rh6+ f6 43. Kc3 Bxb5 44. axb5 Ra4 45. Rb2 Raxc4+ 46. Kd2 Rb8 47. Rh7 a4 48. Ra7 Rb6 49. h4 e4 50. Ke2 exf3+ 51. Kxf3 Rc5 52. Ra6 Rd6 53. Rxa4 Rb6 54. Ra6 Rxa6 55. bxa6 Ra5 56. Rb6+ Kf5 57. h5 Kg5 58. h6 Kxh6 59. Kxf4 Kg7 60. Ke4 Kf7 61. Kd4 Ke8 62. Rxf6 Kd8 63. Kc4 Kc8 64. Kb4 Rd5 65. Rb6 Rd7 66. Kc5 Rc7+ 67. Kd6 Rd7+ 68. Ke6 Ra7 69. Kd5 Rd7+ 70. Kc5 Rc7+ 71. Kb5 Ra7 72. Rf6 Kc7 73. Rg6 Kb8 74. Kb6 Rd7 75. Rg8+ 1-0

[Event "Scarborough CC-ch reserves U1700"]
[Site "Toronto CAN"]
[Date "2009.04.16"]
[Round "8"]
[White "Yie, Kevin Yi Xiao"]
[Black "Pishdad, Hassan"]
[Result "0-1"]
[WhiteElo "914"]
[BlackElo "1344"]
[PlyCount "88"]
[GameId "2160767910260538"]
[EventDate "2009.02.26"]
[EventType "swiss"]
[EventRounds "9"]
[EventCountry "CAN"]
[SourceTitle "EXT 2011"]
[Source "ChessBase"]
[SourceDate "2011.11.26"]
[SourceVersion "1"]
[SourceVersionDate "2011.11.26"]
[SourceQuality "1"]

1. e4 c5 2. Nf3 Nc6 3. d4 cxd4 4. Nxd4 e5 5. Nxc6 bxc6 6. Nc3 Nf6 7. Be3 Bb4 8. f3 O-O 9. Be2 d5 10. exd5 cxd5 11. O-O d4 12. a3 Bxc3 13. bxc3 dxe3 14. Qxd8 Rxd8 15. Rad1 Bf5 16. Rc1 Rd2 17. Rfe1 Bxc2 18. g3 Bd3 19. Bxd3 Rxd3 20. Red1 Rad8 21. Rxd3 Rxd3 22. Kf1 Rd2 23. c4 Rxh2 24. Kg1 Rd2 25. Kf1 Rf2+ 26. Kg1 Rxf3 27. c5 Nd5 28. c6 Nc7 29. Kg2 Rf2+ 30. Kg1 f6 31. a4 Rd2 32. g4 e2 33. a5 Rd1+ 34. Rxd1 exd1=Q+ 35. Kf2 Qc2+ 36. Kf3 Qxc6+ 37. Ke3 e4 38. Kd4 Ne6+ 39. Ke3 g5 40. Kf2 Qc5+ 41. Kg2 Nf4+ 42. Kh1 Qc1+ 43. Kh2 Qd2+ 44. Kg3 Qg2# 0-1

[Event "Scarborough CC-ch reserves U1700"]
[Site "Toronto CAN"]
[Date "2009.04.16"]
[Round "8"]
[White "Yusuf, Magas"]
[Black "Xia, Linda"]
[Result "1/2-1/2"]
[WhiteElo "1318"]
[BlackElo "1541"]
[PlyCount "38"]
[GameId "2160767910260539"]
[EventDate "2009.02.26"]
[EventType "swiss"]
[EventRounds "9"]
[EventCountry "CAN"]
[SourceTitle "EXT 2011"]
[Source "ChessBase"]
[SourceDate "2011.11.26"]
[SourceVersion "1"]
[SourceVersionDate "2011.11.26"]
[SourceQuality "1"]

1. e4 e5 2. Nf3 Nf6 3. Nxe5 d6 4. Nf3 Nxe4 5. d4 d5 6. Bd3 Nf6 7. O-O Be7 8. Bg5 Nbd7 9. Re1 O-O 10. Nc3 c6 11. Bxh7+ Kxh7 12. Qe2 Re8 13. Ne5 Kg8 14. h4 Nxe5 15. Qxe5 Bd6 16. Bxf6 Rxe5 17. Bxd8 Rxe1+ 18. Rxe1 Bf5 19. Bg5 Bxc2 1/2-1/2

[Event "Scarborough CC-ch reserves U1700"]
[Site "Toronto CAN"]
[Date "2009.04.23"]
[Round "9"]
[White "Farrant-Diaz, Nathan"]
[Black "Ward, Dean"]
[Result "0-1"]
[WhiteElo "1440"]
[BlackElo "1700"]
[PlyCount "82"]
[GameId "2160767910260540"]
[EventDate "2009.02.26"]
[EventType "swiss"]
[EventRounds "9"]
[EventCountry "CAN"]
[SourceTitle "EXT 2011"]
[Source "ChessBase"]
[SourceDate "2011.11.26"]
[SourceVersion "1"]
[SourceVersionDate "2011.11.26"]
[SourceQuality "1"]

1. e4 c5 2. Nf3 d6 3. d4 cxd4 4. Nxd4 Nf6 5. Nc3 a6 6. Be2 e5 7. Nb3 Be6 8. Bg5 Be7 9. Bxf6 Bxf6 10. Nd5 Bg5 11. O-O O-O 12. c4 Nd7 13. Bg4 Bxd5 14. exd5 f5 15. Be2 Qb6 16. Kh1 Rac8 17. Rb1 Bf6 18. Qd2 e4 19. Qa5 Qa7 20. Qb4 Be5 21. f4 exf3 22. Rxf3 g6 23. a4 Nf6 24. Bd3 Ng4 25. g3 f4 26. gxf4 Rxf4 27. Rxf4 Bxf4 28. Qe1 Be5 29. c5 Rxc5 30. Nxc5 Qxc5 31. Be4 Qf2 32. Bg2 Qf4 33. Qg3 Qh6 34. Qh3 Nf2+ 35. Kg1 Nxh3+ 36. Bxh3 Qe3+ 37. Kf1 Bd4 38. Be6+ Kg7 39. Kg2 Qf2+ 40. Kh3 Qf3+ 41. Kh4 Bf6# 0-1

[Event "Scarborough CC-ch reserves U1700"]
[Site "Toronto CAN"]
[Date "2009.04.23"]
[Round "9"]
[White "Philip, Andrew"]
[Black "Bao, Stephen"]
[Result "1-0"]
[WhiteElo "1597"]
[BlackElo "1222"]
[PlyCount "87"]
[GameId "2160767910260541"]
[EventDate "2009.02.26"]
[EventType "swiss"]
[EventRounds "9"]
[EventCountry "CAN"]
[SourceTitle "EXT 2011"]
[Source "ChessBase"]
[SourceDate "2011.11.26"]
[SourceVersion "1"]
[SourceVersionDate "2011.11.26"]
[SourceQuality "1"]

1. d4 Nf6 2. Bg5 e6 3. e4 Be7 4. Nc3 d5 5. e5 Nfd7 6. Bxe7 Qxe7 7. f4 Qb4 8. Qd2 c5 9. Nf3 Nc6 10. Rb1 Nxd4 11. Nxd4 cxd4 12. Nb5 Qxd2+ 13. Kxd2 O-O 14. Nd6 Nb6 15. Rd1 Nc4+ 16. Bxc4 dxc4 17. Nxc4 f6 18. Rhf1 fxe5 19. fxe5 Rxf1 20. Rxf1 Bd7 21. Rf4 Rf8 22. Rxf8+ Kxf8 23. Nd6 Bc6 24. g3 g6 25. Kd3 Kg7 26. Kxd4 Kh6 27. c4 Kh5 28. b4 Kg4 29. b5 Bg2 30. c5 Kh3 31. Ne4 Bf1 32. c6 bxc6 33. bxc6 Ba6 34. Ng5+ Kxh2 35. Nxe6 Kxg3 36. Nc5 Bc8 37. e6 h5 38. e7 h4 39. e8=Q Bg4 40. Qe1+ Kh3 41. Ne4 Bf5 42. Qh1+ Kg4 43. Qg2+ Kf4 44. Qg5+ 1-0

[Event "Scarborough CC-ch reserves U1700"]
[Site "Toronto CAN"]
[Date "2009.04.23"]
[Round "9"]
[White "Teram, Eli"]
[Black "Pishdad, Hassan"]
[Result "0-1"]
[WhiteElo "1494"]
[BlackElo "1344"]
[PlyCount "91"]
[GameId "2160767910260542"]
[EventDate "2009.02.26"]
[EventType "swiss"]
[EventRounds "9"]
[EventCountry "CAN"]
[SourceTitle "EXT 2011"]
[Source "ChessBase"]
[SourceDate "2011.11.26"]
[SourceVersion "1"]
[SourceVersionDate "2011.11.26"]
[SourceQuality "1"]

1. e4 c5 2. Nf3 e6 3. Bb5 a6 4. Ba4 b5 5. Bb3 c4 6. Bxc4 bxc4 7. Ne5 Bb7 8. Nc3 d6 9. Nxc4 d5 10. exd5 Bxd5 11. Nxd5 Qxd5 12. Ne3 Qb7 13. O-O Bc5 14. d4 Be7 15. Qg4 Bf6 16. Re1 Ne7 17. Nc4 O-O 18. Bh6 Nf5 19. Bd2 Bxd4 20. c3 Bf6 21. Rad1 Nd7 22. Re4 Nc5 23. Rf4 Nd3 24. Rf3 Rad8 25. Rh3 Qa7 26. Rf1 g6 27. Ne3 Nxb2 28. Nxf5 exf5 29. Qf4 h5 30. Qh6 Bg7 31. Qg5 Qd7 32. Be3 Bxc3 33. Rxh5 Bg7 34. Rh3 Nd1 35. Qh4 f6 36. Qh7+ Kf7 37. Bc5 Rh8 38. Re1 Rxh7 39. Rxh7 Kg8 40. Rh4 Qd2 41. Rf1 Rc8 42. Bb4 Rc1 43. Bxd2 Ra1 44. Rd4 g5 45. Rd8+ Kf7 46. Re1 0-1

[Event "Scarborough CC-ch reserves U1700"]
[Site "Toronto CAN"]
[Date "2009.04.23"]
[Round "9"]
[White "Woolford, Jesse"]
[Black "Yie, Kevin Yi Xiao"]
[Result "1-0"]
[WhiteElo "1131"]
[BlackElo "914"]
[PlyCount "69"]
[GameId "2160767910260543"]
[EventDate "2009.02.26"]
[EventType "swiss"]
[EventRounds "9"]
[EventCountry "CAN"]
[SourceTitle "EXT 2011"]
[Source "ChessBase"]
[SourceDate "2011.11.26"]
[SourceVersion "1"]
[SourceVersionDate "2011.11.26"]
[SourceQuality "1"]

1. e4 c5 2. Nc3 Nc6 3. Bb5 a6 4. Bxc6 bxc6 5. f4 d5 6. exd5 cxd5 7. d4 e6 8. Nf3 Bd6 9. O-O Ne7 10. Kh1 O-O 11. Be3 c4 12. Qe1 Bd7 13. Ne5 Bxe5 14. fxe5 Nf5 15. Nd1 Nxe3 16. Nxe3 Bb5 17. c3 Bd7 18. Qg3 Rb8 19. Ng4 Kh8 20. Rab1 Ba4 21. Qh3 Bc2 22. Rbc1 Bd3 23. Rf2 Bf5 24. Qg3 Bxg4 25. Qxg4 Qa5 26. a3 Rb7 27. Qxe6 Kg8 28. Qg4 Rfb8 29. Rcf1 g6 30. e6 fxe6 31. Qxe6+ Kh8 32. Rf7 Rxf7 33. Rxf7 Qd8 34. Qe5+ Kg8 35. Qg7# 1-0

[Event "Scarborough CC-ch reserves U1700"]
[Site "Toronto CAN"]
[Date "2009.04.23"]
[Round "9"]
[White "Xia, Linda"]
[Black "Xi, Jason"]
[Result "1-0"]
[WhiteElo "1541"]
[BlackElo "1064"]
[PlyCount "79"]
[GameId "2160767910260544"]
[EventDate "2009.02.26"]
[EventType "swiss"]
[EventRounds "9"]
[EventCountry "CAN"]
[SourceTitle "EXT 2011"]
[Source "ChessBase"]
[SourceDate "2011.11.26"]
[SourceVersion "1"]
[SourceVersionDate "2011.11.26"]
[SourceQuality "1"]

1. d4 d5 2. c4 dxc4 3. e3 b5 4. a4 bxa4 5. Qxa4+ Bd7 6. Qxc4 Nf6 7. Nf3 e6 8. Qb3 Bd6 9. Bd3 O-O 10. O-O Nc6 11. Nc3 e5 12. dxe5 Nxe5 13. Nxe5 Bxe5 14. Rd1 Qb8 15. Qxb8 Rfxb8 16. Be4 Nxe4 17. Nxe4 Bf5 18. Nc3 a5 19. Rd5 f6 20. f4 Be6 21. Rc5 Bd6 22. Rcxa5 Rxa5 23. Rxa5 Re8 24. e4 Rd8 25. Nd5 c6 26. Nc3 Bb4 27. Ra1 Rd4 28. Be3 Bxc3 29. bxc3 Rxe4 30. Ra8+ Kf7 31. Ra7+ Kf8 32. Bc5+ Kg8 33. Ra8+ Kf7 34. Rf8+ Kg6 35. g3 Re1+ 36. Kg2 Bd5+ 37. Kh3 Re2 38. g4 Rc2 39. f5+ Kg5 40. Be3# 1-0

[Event "Scarborough CC-ch reserves U1700"]
[Site "Toronto CAN"]
[Date "2009.04.23"]
[Round "9"]
[White "Xie, Peter"]
[Black "Farrant, David"]
[Result "0-1"]
[WhiteElo "1493"]
[BlackElo "1498"]
[PlyCount "50"]
[GameId "2160767910260545"]
[EventDate "2009.02.26"]
[EventType "swiss"]
[EventRounds "9"]
[EventCountry "CAN"]
[SourceTitle "EXT 2011"]
[Source "ChessBase"]
[SourceDate "2011.11.26"]
[SourceVersion "1"]
[SourceVersionDate "2011.11.26"]
[SourceQuality "1"]

1. e4 c5 2. Nf3 e6 3. c4 Nc6 4. d4 cxd4 5. Nxd4 a6 6. a3 Qb6 7. Nb3 Na5 8. Nxa5 Qxa5+ 9. Nc3 d6 10. Bd2 Qc7 11. Be2 Nf6 12. Qb3 Be7 13. Be3 Nd7 14. Qc2 O-O 15. O-O Ne5 16. f4 Nxc4 17. Na2 d5 18. exd5 exd5 19. b3 Bf5 20. Qc1 Bxa3 21. Qc3 Bb2 22. bxc4 Bxc3 23. Nxc3 dxc4 24. Nd5 Qd6 25. Bxc4 b5 0-1

[Event "Scarborough CC-ch reserves U1700"]
[Site "Toronto CAN"]
[Date "2009.04.23"]
[Round "9"]
[White "Yusuf, Magas"]
[Black "Orenbach, Jonathan"]
[Result "1-0"]
[WhiteElo "1318"]
[BlackElo "1395"]
[PlyCount "35"]
[GameId "2160767910260546"]
[EventDate "2009.02.26"]
[EventType "swiss"]
[EventRounds "9"]
[EventCountry "CAN"]
[SourceTitle "EXT 2011"]
[Source "ChessBase"]
[SourceDate "2011.11.26"]
[SourceVersion "1"]
[SourceVersionDate "2011.11.26"]
[SourceQuality "1"]

1. e4 c5 2. Nf3 d6 3. d4 cxd4 4. Nxd4 Nf6 5. Nc3 a6 6. Be3 e5 7. Nf3 Be6 8. Ng5 Bd7 9. Bc4 Be6 10. Bxe6 fxe6 11. Nxe6 Qe7 12. Nd5 Nxd5 13. exd5 Nd7 14. Nc7+ Kd8 15. Nxa8 Qh4 16. Qd2 h6 17. Qa5+ Ke7 18. O-O 1-0

[Event "Scarborough CC-ch reserves op"]
[Site "Toronto CAN"]
[Date "2009.02.26"]
[Round "1"]
[White "Bellomo, Joe"]
[Black "Moysoski, Randy"]
[Result "0-1"]
[WhiteElo "1844"]
[BlackElo "1870"]
[PlyCount "116"]
[GameId "2160767910260547"]
[EventDate "2009.02.26"]
[EventType "swiss"]
[EventRounds "9"]
[EventCountry "CAN"]
[SourceTitle "EXT 2011"]
[Source "ChessBase"]
[SourceDate "2011.11.26"]
[SourceVersion "1"]
[SourceVersionDate "2011.11.26"]
[SourceQuality "1"]

1. e4 d5 2. exd5 Qxd5 3. Nc3 Qa5 4. d4 Nf6 5. Bd2 c6 6. Nf3 Bg4 7. Be2 e6 8. O-O Nbd7 9. Re1 Qc7 10. Ng5 Bf5 11. Bf3 Bd6 12. g3 h6 13. Nge4 Nxe4 14. Nxe4 Bxe4 15. Bxe4 Nf6 16. Bg2 Qb6 17. Bc3 Nd5 18. Qg4 O-O 19. Bxd5 cxd5 20. Bd2 f5 21. Qe2 Rae8 22. Qd3 Rf6 23. f4 Ref8 24. Be3 Qc7 25. Kh1 a6 26. Re2 Qf7 27. Rae1 h5 28. Bd2 h4 29. Qf3 hxg3 30. hxg3 Rh6+ 31. Rh2 Qg6 32. Ree2 b5 33. Rxh6 Qxh6+ 34. Rh2 Qg6 35. Be3 Kf7 36. Bd2 Rc8 37. Be3 Bb4 38. c3 Be7 39. Bf2 b4 40. Be1 a5 41. Kg2 bxc3 42. Bxc3 Bb4 43. Qd3 Rc4 44. a3 Bd6 45. Kf2 Qf6 46. Ke3 g5 47. Qe2 gxf4+ 48. gxf4 Qg6 49. Rg2 Qf6 50. Rf2 Bxa3 51. Bxa5 Qh8 52. Rg2 Bd6 53. Bc3 Qh4 54. Qf3 Bb4 55. Bxb4 Rxb4 56. Kd2 Rxd4+ 57. Kc2 Rc4+ 58. Kb3 Rxf4 0-1

[Event "Scarborough CC-ch reserves op"]
[Site "Toronto CAN"]
[Date "2009.02.26"]
[Round "1"]
[White "Gillis, Doug"]
[Black "Wilker, Marcus"]
[Result "0-1"]
[WhiteElo "1676"]
[BlackElo "1794"]
[PlyCount "98"]
[GameId "2160767910260548"]
[EventDate "2009.02.26"]
[EventType "swiss"]
[EventRounds "9"]
[EventCountry "CAN"]
[SourceTitle "EXT 2011"]
[Source "ChessBase"]
[SourceDate "2011.11.26"]
[SourceVersion "1"]
[SourceVersionDate "2011.11.26"]
[SourceQuality "1"]

1. e4 c6 2. d4 d5 3. exd5 cxd5 4. c4 Nc6 5. Nc3 Nf6 6. c5 e6 7. Bb5 Bd7 8. Nf3 b6 9. Bxc6 Bxc6 10. Ne5 Rc8 11. O-O bxc5 12. Re1 Qb6 13. dxc5 Bxc5 14. Qe2 O-O 15. Nxc6 Qxc6 16. Bg5 Nd7 17. Qg4 Rfe8 18. Bh6 g6 19. Qf3 f5 20. Rac1 Qb7 21. Qe2 Rb8 22. b3 Bb4 23. Red1 Nf6 24. Bg5 Bxc3 25. Rxc3 Ne4 26. Re3 Nxg5 27. h4 Ne4 28. h5 Qc7 29. hxg6 hxg6 30. Rh3 Re7 31. Qb2 Rh7 32. Rc1 Qg7 33. Qxg7+ Rxg7 34. Rc6 Kf7 35. Re3 Kf6 36. f3 Ng5 37. Rd3 Rd7 38. Kf2 Rb6 39. Rc8 Nf7 40. Rg8 Rc7 41. f4 Rbc6 42. Rg3 Rc2+ 43. Kg1 Rxa2 44. R3xg6+ Ke7 45. R8g7 Kd6 46. Rf6 Nd8 47. Rgg6 d4 48. Rxf5 d3 49. Re5 d2 0-1

[Event "Scarborough CC-ch reserves op"]
[Site "Toronto CAN"]
[Date "2009.02.26"]
[Round "1"]
[White "Manalo, Pepin"]
[Black "Verde, Pino"]
[Result "1-0"]
[WhiteElo "1863"]
[BlackElo "1712"]
[PlyCount "49"]
[GameId "2160767910260549"]
[EventDate "2009.02.26"]
[EventType "swiss"]
[EventRounds "9"]
[EventCountry "CAN"]
[SourceTitle "EXT 2011"]
[Source "ChessBase"]
[SourceDate "2011.11.26"]
[SourceVersion "1"]
[SourceVersionDate "2011.11.26"]
[SourceQuality "1"]

1. e4 c5 2. Nf3 d6 3. c4 Nc6 4. Nc3 Nf6 5. d4 cxd4 6. Nxd4 Nxd4 7. Qxd4 e5 8. Qd3 Be6 9. Bg5 Be7 10. Be2 Rc8 11. b3 Qa5 12. O-O h6 13. Bd2 Qc7 14. Rad1 g5 15. Nb5 Qb8 16. Bb4 d5 17. Bxe7 Kxe7 18. exd5 Rhd8 19. Qe3 Bd7 20. Nxa7 Qd6 21. Nxc8+ Rxc8 22. Rfe1 e4 23. f3 g4 24. fxe4 Qe5 25. d6+ 1-0

[Event "Scarborough CC-ch reserves op"]
[Site "Toronto CAN"]
[Date "2009.02.26"]
[Round "1"]
[White "Moran-Venegas, Mario"]
[Black "Armstrong, Robert J"]
[Result "1/2-1/2"]
[WhiteElo "1712"]
[BlackElo "1827"]
[PlyCount "126"]
[GameId "2160767910260550"]
[EventDate "2009.02.26"]
[EventType "swiss"]
[EventRounds "9"]
[EventCountry "CAN"]
[SourceTitle "EXT 2011"]
[Source "ChessBase"]
[SourceDate "2011.11.26"]
[SourceVersion "1"]
[SourceVersionDate "2011.11.26"]
[SourceQuality "1"]

1. e4 g6 2. d4 Bg7 3. c4 d6 4. Nc3 Nf6 5. f4 O-O 6. Be2 c5 7. Nf3 cxd4 8. Nxd4 Qb6 9. Nc2 Nc6 10. Rb1 Nd7 11. Nd5 Qd8 12. O-O e6 13. Nc3 Nf6 14. Be3 Qe7 15. b3 Rd8 16. Qe1 b6 17. Rd1 Bb7 18. Bf3 Rac8 19. Rf2 Rc7 20. g3 Rcd7 21. Nd4 Nxd4 22. Bxd4 Ne8 23. Bxg7 Kxg7 24. Bg2 Nf6 25. Rfd2 Kg8 26. Rd4 Ng4 27. h3 Nf6 28. Qd2 e5 29. fxe5 dxe5 30. Rxd7 Rxd7 31. Nd5 Bxd5 32. cxd5 Ne8 33. Rc1 Rc7 34. Rc4 Nd6 35. Rc6 Qd7 36. Qc2 Nb5 37. Rxc7 Nxc7 38. a4 Qd6 39. g4 Kg7 40. b4 Kf8 41. b5 Ke7 42. Qc6 Qxc6 43. bxc6 Kd6 44. Bf1 a6 45. Kf2 b5 46. axb5 axb5 47. Kf3 b4 48. Bc4 f6 49. Ke3 Kc5 50. Kd3 Ne8 51. Ba6 Nc7 52. Bc8 Ne8 53. Ba6 Nc7 54. Bc8 Ne8 55. Be6 Nc7 56. Bg8 h6 57. h4 g5 58. hxg5 hxg5 59. Kc2 Nb5 60. Be6 Nc7 61. Bf5 Nb5 62. Kb3 Nd4+ 63. Kb2 Nb5 1/2-1/2

[Event "Scarborough CC-ch reserves op"]
[Site "Toronto CAN"]
[Date "2009.02.26"]
[Round "1"]
[White "Paterson, Jim"]
[Black "Peng, Bill"]
[Result "0-1"]
[WhiteElo "1802"]
[BlackElo "1734"]
[PlyCount "64"]
[GameId "2160767910260551"]
[EventDate "2009.02.26"]
[EventType "swiss"]
[EventRounds "9"]
[EventCountry "CAN"]
[SourceTitle "EXT 2011"]
[Source "ChessBase"]
[SourceDate "2011.11.26"]
[SourceVersion "1"]
[SourceVersionDate "2011.11.26"]
[SourceQuality "1"]

1. d4 d5 2. Nf3 Nf6 3. c4 c6 4. e3 e6 5. Nc3 Be7 6. Qc2 Nbd7 7. Bd3 O-O 8. b3 b6 9. O-O Bb7 10. Ne5 h6 11. f4 c5 12. Bd2 dxc4 13. bxc4 cxd4 14. exd4 Nxe5 15. dxe5 Qd4+ 16. Kh1 Ng4 17. Bc1 Bc5 18. h3 Nf2+ 19. Rxf2 Qxf2 20. Qxf2 Bxf2 21. Ba3 Rfd8 22. Be4 Bxe4 23. Nxe4 Rd3 24. Bd6 Bd4 25. Re1 Rc8 26. c5 bxc5 27. Rc1 Be3 28. Nxc5 Rd5 29. Rc4 Bxc5 30. Rc1 Rd8 31. Bxc5 Rc8 32. Rb1 Rdxc5 0-1

[Event "Scarborough CC-ch reserves op"]
[Site "Toronto CAN"]
[Date "2009.02.26"]
[Round "1"]
[White "Perez, Michael"]
[Black "Jizan, Masoud"]
[Result "1-0"]
[WhiteElo "1790"]
[BlackElo "1626"]
[PlyCount "102"]
[GameId "2160767910260552"]
[EventDate "2009.02.26"]
[EventType "swiss"]
[EventRounds "9"]
[EventCountry "CAN"]
[SourceTitle "EXT 2011"]
[Source "ChessBase"]
[SourceDate "2011.11.26"]
[SourceVersion "1"]
[SourceVersionDate "2011.11.26"]
[SourceQuality "1"]

1. e4 e5 2. d4 exd4 3. c3 dxc3 4. Bc4 Nc6 5. Nf3 d6 6. Nxc3 Be6 7. Bxe6 fxe6 8. Qb3 Qd7 9. Qxb7 Rb8 10. Qa6 Nf6 11. O-O Be7 12. Rd1 O-O 13. a3 Rb6 14. Qe2 Qe8 15. Ng5 Qc8 16. Na4 Ra6 17. Nc3 h6 18. Nxe6 Rf7 19. Nxc7 Rb6 20. N7d5 Ne5 21. Nxb6 axb6 22. f3 Nh5 23. Nd5 Nc4 24. Be3 Nxe3 25. Nxe7+ Rxe7 26. Qxe3 Qc2 27. Rd2 Qc6 28. Rad1 Rd7 29. e5 d5 30. b4 g5 31. e6 Rd6 32. e7 Nf6 33. e8=Q+ Nxe8 34. Qd3 b5 35. Rc2 Qd7 36. Rc5 Qa7 37. Qe3 Qd7 38. Qd3 Nc7 39. Rdc1 Ne8 40. Rxb5 d4 41. Rb8 Kg7 42. Qe4 Nf6 43. Rb7 Nxe4 44. Rxd7+ Rxd7 45. fxe4 d3 46. Rd1 Kf6 47. Kf2 Ke5 48. Ke3 d2 49. b5 Rd4 50. Rxd2 Rxd2 51. Kxd2 Kxe4 1-0

[Event "Scarborough CC-ch reserves op"]
[Site "Toronto CAN"]
[Date "2009.02.26"]
[Round "1"]
[White "Radpey, Abdolreza"]
[Black "Ferreira, Alex"]
[Result "0-1"]
[WhiteElo "1609"]
[BlackElo "2062"]
[PlyCount "70"]
[GameId "2160767910260553"]
[EventDate "2009.02.26"]
[EventType "swiss"]
[EventRounds "9"]
[EventCountry "CAN"]
[SourceTitle "EXT 2011"]
[Source "ChessBase"]
[SourceDate "2011.11.26"]
[SourceVersion "1"]
[SourceVersionDate "2011.11.26"]
[SourceQuality "1"]

1. d4 d5 2. Nf3 c5 3. c4 dxc4 4. Nc3 cxd4 5. Qxd4 Qxd4 6. Nxd4 e5 7. Ndb5 Na6 8. e4 Be6 9. f4 f6 10. a3 Bc5 11. fxe5 fxe5 12. Bg5 Ne7 13. b4 Bd4 14. Rc1 Rd8 15. Bxe7 Kxe7 16. Be2 Rd7 17. Bf3 Nc7 18. Nxc7 Rxc7 19. Nd5+ Bxd5 20. exd5 Kd6 21. Rf1 e4 22. Bxe4 Re8 23. Rf4 Be3 24. Rg4 Bxc1 25. Kd1 Bxa3 26. b5 c3 27. Kc2 Rc4 28. Bf3 Rxg4 29. Bxg4 Bb2 30. Bf3 a5 31. bxa6 bxa6 32. h4 a5 33. Kb3 a4+ 34. Kxa4 c2 35. Bh5 Rb8 0-1